000 00356 a2200157 4500
001 68276
020 _a9788853604309
040 _cAnchieta - Pituba
100 _aBrown, Richard B. A.
240 1 0 _aAlice in wonderland
_leng
245 1 0 _aAlice in wonderland
300 _a32
362 0 _a2009
650 4 _aLiteratura juvenil em inglês
942 _cBK
999 _c68276
_d68276